Missing Word: Named TV Shows Quiz Stats

 Plays Quiz Updated Mar 5, 2016

Challenge
Share
Tweet
Embed
Score 0/22 Timer 02:00
3 Plays Today
Show Missing Word % Correct
Everybody Loves ____Raymond
96.2%
____ the Vampire SlayerBuffy
95.7%
Ugly ____Betty
95%
____, the Teenage WitchSabrina
94.2%
____ MontanaHannah
90.7%
____ in the MiddleMalcolm
90.2%
My Name Is ____Earl
86.6%
Leave It to ____Beaver
86.3%
____ McBealAlly
82.8%
I Love ____Lucy
81.7%
____'s IslandGilligan
77.8%
Show Missing Word % Correct
Judging ____Amy
70.3%
____ & MindyMork
68.7%
According to ____Jim
67.4%
New Adventures of Old ____Christine
67.4%
____ Howser, M.D.Doogie
66.4%
____ of ArcadiaJoan
62.1%
Suddenly ____Susan
61.8%
I Dream of ____Jeannie
61.5%
____ in ChargeCharles
61.1%
____ MarsVeronica
61%
____ Under FireGrace
42%

Today's Daily Dose

You're not logged in!

Compare scores with friends on all Sporcle quizzes.
Join for Free
OR
Log In

You Might Also Like...

Show Comments

Extras

Top Quizzes Today


Score Distribution

Your Account Isn't Verified!

In order to create a playlist on Sporcle, you need to verify the email address you used during registration. Go to your Sporcle Settings to finish the process.

Report this User

Report this user for behavior that violates our Community Guidelines.

Details: